[Event "European Cities & Towns Chess Championship - Youth"]
[Site "Central Europe"]
[Date "2023.01.29"]
[Round "1.3.4"]
[White "Kovacic, Jakob"]
[Black "George, Cernencu"]
[Result "1-0"]
[WhiteElo "1000"]
[BlackElo "1000"]
[BlackTeam "CSM Galati"]
[Termination "time forfeit"]
[WhiteCountry "SI"]
[WhiteFideId "14645645"]
[WhiteTeam "Ljubljana U12"]

1. e4 e6 2. Nf3 d5 3. exd5 exd5 4. d4 Nf6 5. Nc3 c6 6. Bd3 Bd6 7. O-O O-O 
8. Bg5 h6 9. Bh4 Bg4 10. Be2 Nbd7 11. h3 Bh5 12. Re1 Qb6 13. Rb1 Rfe8 14. 
Nh2 Bxe2 15. Rxe2 Rxe2 16. Nxe2 Re8 17. f3 Qa6 18. Nc3 Qb6 19. Bf2 Qc7 20.
 Nf1 Bf4 21. Ne2 Nh5 22. c3 Nb6 23. b3 a5 24. a4 Re6 25. Qd3 Bg5 26. Re1 
Qe7 27. Qd1 Bh4 28. Bxh4 Qxh4 29. Nh2 Nf4 30. Kf1 Nh5 31. Qd2 Ng3+ 32. 
Nxg3 Rxe1+ 33. Qxe1 Kf8 34. Nf5 Qf4 35. Qe7+ Kg8 36. Qd8+ Kh7 37. Qxb6 
Qxf5 38. Qxa5 Qb1+ 39. Kf2 Qc2+ 40. Kg3 Qxb3 41. Qb4 Qxb4 42. cxb4 Kg6 43.
 Kf4 Kf6 44. Ng4+ Ke6 45. Ne5 1-0

[Event "European Cities & Towns Chess Championship - Youth"]
[Site "Central Europe"]
[Date "2023.01.29"]
[Round "1.4.1"]
[White "Tzimas, Konstantinos"]
[Black "Dodoi, Matei-Teodor"]
[Result "0-1"]
[WhiteElo "1275"]
[BlackElo "1745"]
[BlackCountry "RO"]
[BlackFideId "1278029"]
[BlackTeam "Ia?i - Region"]
[WhiteCountry "GR"]
[WhiteFideId "42123828"]
[WhiteTeam "Ioannina"]

1. e4 c5 2. Nf3 d6 3. d4 cxd4 4. Nxd4 Nf6 5. Nc3 a6 6. Be3 e5 7. Nb3 Be6 
8. f3 Be7 9. Qd2 h5 10. O-O-O Nbd7 11. Nd5 Nxd5 12. exd5 Bf5 13. Be2 Rc8 
14. Bd3 Bxd3 15. Qxd3 Qc7 16. Kb1 Nb6 17. c4 Nxc4 18. Rc1 b5 19. Qf5 g6 
20. Qc2 O-O 21. Bh6 Rfe8 22. Ka1 Qd7 23. Qe4 Kh7 24. Be3 Qf5 25. Bf2 Qxe4 
26. fxe4 f5 27. Rhe1 Bg5 28. Rc3 a5 29. h4 Bh6 30. Nc1 Bd2 31. Re2 Bxc3 
32. bxc3 fxe4 33. Rxe4 Rf8 34. Nd3 Rf5 35. Re2 Rcf8 36. Kb1 e4 37. Ne1 
Rxf2 38. Rxf2 Rxf2 39. Kc1 Rf1 40. Kd1 e3 41. Ke2 Rf2+ 42. Kd1 Rd2+ 43. 
Kc1 e2 44. g4 Rd1+ 45. Kc2 Rxe1 46. gxh5 Rc1+ 47. Kd3 e1=Q 48. hxg6+ Kg7 
49. h5 Qe3# 0-1

[Event "European Cities & Towns Chess Championship - Youth"]
[Site "Central Europe"]
[Date "2023.01.29"]
[Round "1.4.2"]
[White "Costache, Andrei Eugeniu"]
[Black "Tzima, Anthia"]
[Result "1-0"]
[WhiteElo "1632"]
[BlackElo "1116"]
[BlackCountry "GR"]
[BlackFideId "42124042"]
[BlackTeam "Ioannina"]
[WhiteCountry "RO"]
[WhiteFideId "42206057"]
[WhiteTeam "Ia?i - Region"]

1. e4 e5 2. Nf3 Nc6 3. d4 exd4 4. Bc4 Nf6 5. O-O Nxe4 6. Re1 d5 7. Bxd5 
Qxd5 8. Nc3 Qd8 9. Nxe4 Be7 10. Bg5 O-O 11. Bxe7 Qxe7 12. Nxd4 Nxd4 13. 
Qxd4 Rd8 14. Qc3 Qh4 15. g3 Qg4 16. f3 Qd7 17. Re3 Qd4 18. Qxd4 Rxd4 19. 
c3 Rd5 20. Rae1 Re5 21. f4 Re6 22. Rd1 f5 23. Rd8+ Kf7 24. Ng5+ Ke7 25. 
Nxe6 b6 26. Rh8 h5 27. Nxc7+ Kd7 28. Nxa8 1-0

[Event "European Cities & Towns Chess Championship - Youth"]
[Site "Central Europe"]
[Date "2023.01.29"]
[Round "1.4.3"]
[White "Paterakis, Panagiotis Emm"]
[Black "Codru, Raul Cristian"]
[Result "1-0"]
[WhiteElo "1070"]
[BlackElo "1344"]
[BlackCountry "RO"]
[BlackFideId "42203996"]
[BlackTeam "Ia?i - Region"]
[WhiteCountry "GR"]
[WhiteFideId "25894900"]
[WhiteTeam "Ioannina"]

1. d4 Nf6 2. Bf4 d5 3. Nf3 c5 4. e3 Nc6 5. c3 Qb6 6. Qc1 Bf5 7. Nbd2 e6 8.
 Ne5 Be7 9. Nxc6 bxc6 10. Nf3 O-O 11. Ne5 Rfd8 12. h3 c4 13. g4 Bg6 14. 
Nxg6 hxg6 15. Rb1 Bd6 16. Bxd6 Rxd6 17. Bg2 Rb8 18. g5 Nh5 19. Bf3 Rd7 20.
 Qd1 Qa5 21. Bxh5 gxh5 22. Qxh5 Qxa2 23. O-O Rxb2 24. Rxb2 Qxb2 25. g6 
fxg6 26. Qxg6 Rd6 27. Qe8+ Kh7 28. Qe7 Qa3 29. Kh2 a5 30. Rg1 Kh6 31. 
Qxg7+ Kh5 32. Qg5# 1-0

[Event "European Cities & Towns Chess Championship - Youth"]
[Site "Central Europe"]
[Date "2023.01.29"]
[Round "1.4.4"]
[White "Minescu, Leon"]
[Black "Georgios, Basios"]
[Result "1-0"]
[WhiteElo "1317"]
[BlackElo "1000"]
[BlackTeam "Ioannina"]
[WhiteCountry "RO"]
[WhiteFideId "1294148"]
[WhiteTeam "Ia?i - Region"]

1. d4 d5 2. c4 dxc4 3. e3 Nc6 4. Bxc4 a6 5. Nf3 b5 6. Bb3 Nf6 7. O-O e6 8.
 a3 Bd6 9. Nc3 b4 10. axb4 Bxb4 11. Re1 Bxc3 12. bxc3 O-O 13. e4 Re8 14. 
Bg5 Bb7 15. Ba4 h6 16. Bxf6 Qxf6 17. Rb1 Rab8 18. Rxb7 Rxb7 19. Bxc6 Rb6 
20. Bxe8 Qe7 21. Ba4 Qa3 22. Qa1 Qxa1 23. Rxa1 c6 24. g3 Kf8 25. Ne5 f6 
26. Nd7+ Ke7 27. Nxb6 Kd6 28. c4 Kc7 29. c5 f5 30. f3 fxe4 31. fxe4 g5 32.
 Rb1 a5 33. Na8+ Kc8 34. e5 Kd7 35. Rb7+ Kd8 36. g4 Kc8 37. Bxc6 Kd8 38. 
Rd7+ Kc8 39. Nb6+ Kb8 40. Rb7# 1-0

[Event "European Cities & Towns Chess Championship - Youth"]
[Site "Central Europe"]
[Date "2023.01.29"]
[Round "1.5.1"]
[White "Siskou, Evangelia"]
[Black "Capjak, David"]
[Result "1-0"]
[WhiteElo "1502"]
[BlackElo "1122"]
[BlackCountry "HR"]
[BlackFideId "14582554"]
[BlackTeam "Zagreb"]
[WhiteCountry "GR"]
[WhiteFideId "42113938"]
[WhiteTeam "Thessaloniki"]

1. e4 c5 2. Nf3 e6 3. g3 Nc6 4. Bg2 Nf6 5. Nc3 Be7 6. O-O O-O 7. d3 b6 8. 
Re1 Bb7 9. Bf4 Nh5 10. Be3 Nf6 11. h3 d6 12. Qd2 a6 13. a4 Qc7 14. Rad1 
Rac8 15. d4 cxd4 16. Nxd4 Nxd4 17. Bxd4 Rfd8 18. Qe3 Qc4 19. Bxb6 Rd7 20. 
a5 d5 21. exd5 Nxd5 22. Nxd5 Bxd5 23. Bxd5 exd5 24. c3 h6 25. Qd4 Qb5 26. 
Rd2 Bf6 27. Qg4 Qc6 28. Red1 Re7 29. Rxd5 Rce8 30. Rd8 Re6 31. Rxe8+ Qxe8 
32. Bd4 Re1+ 33. Rxe1 Qxe1+ 34. Kg2 Qe7 35. Bxf6 Qxf6 36. Qc8+ Kh7 37. Qc4
Kg8 38. b4 Qg6 39. g4 Qf6 40. Qc8+ Kh7 41. Qf5+ Qxf5 42. gxf5 g6 43. fxg6+
Kxg6 44. b5 axb5 45. a6 Kf6 46. a7 b4 47. a8=Q bxc3 48. Qc6+ Kg7 49. Qxc3+
Kg8 50. Qf6 h5 51. Kg3 h4+ 52. Kxh4 Kf8 53. Qd8+ Kg7 54. Kg5 f6+ 55. Qxf6+
Kh7 56. Qf7+ Kh8 57. Qe7 Kg8 58. Kg6 Kh8 59. Qh7# 1-0

[Event "European Cities & Towns Chess Championship - Youth"]
[Site "Central Europe"]
[Date "2023.01.29"]
[Round "1.5.2"]
[White "Botica, Viseslav"]
[Black "Marinidis, Stavros"]
[Result "0-1"]
[WhiteElo "1072"]
[BlackElo "1378"]
[BlackCountry "GR"]
[BlackFideId "42104904"]
[BlackTeam "Thessaloniki"]
[WhiteCountry "HR"]
[WhiteFideId "14574799"]
[WhiteTeam "Zagreb"]

1. e4 e5 2. Nf3 Nc6 3. Nc3 Nf6 4. Bb5 Bb4 5. O-O O-O 6. d3 Re8 7. Bg5 h6 
8. Bxf6 Qxf6 9. Nd5 Qd6 10. a3 Bc5 11. Qd2 a6 12. Bxc6 dxc6 13. Ne3 Qg6 
14. Kh1 Bg4 15. Nxg4 Qxg4 16. Qc3 Bd6 17. Nd2 Rad8 18. Nc4 Re6 19. Nxd6 
Rdxd6 20. f3 Qg5 21. Rf2 h5 22. Qd2 Qg6 23. Rg1 b6 24. b4 f5 25. a4 f4 26.
 a5 b5 27. c3 Qf6 28. Rd1 Qd8 29. Qb2 Rxd3 30. Rxd3 Qxd3 31. Qd2 Qb1+ 0-1

[Event "European Cities & Towns Chess Championship - Youth"]
[Site "Central Europe"]
[Date "2023.01.29"]
[Round "1.5.3"]
[White "Misios, Konstantinos"]
[Black "Kovac, Faust"]
[Result "1-0"]
[WhiteElo "1357"]
[BlackElo "1000"]
[BlackCountry "HR"]
[BlackFideId "14595338"]
[BlackTeam "Zagreb"]
[WhiteCountry "GR"]
[WhiteFideId "42122406"]
[WhiteTeam "Thessaloniki"]

1. e4 e5 2. Nf3 Nc6 3. Bb5 Nf6 4. d3 Bc5 5. Bg5 h6 6. Bh4 O-O 7. Nc3 d6 8.
 Nd5 a6 9. Bxc6 bxc6 10. Nxf6+ gxf6 11. Qd2 Kg7 12. O-O Kh7 13. d4 exd4 
14. Nxd4 Rg8 15. Nf5 Bxf5 16. exf5 Qd7 17. Rfe1 Rae8 18. Qf4 Rxe1+ 19. 
Rxe1 d5 20. Bxf6 Qd6 21. Be5 Qd7 22. Bc3 Qd6 23. Qh4 Qd8 24. f6 d4 25. Bd2
Rg6 26. Re5 Bd6 27. Rh5 Qxf6 28. Qe4 Kg7 29. Rf5 Qe6 30. Qxd4+ f6 31. Rf3 
Qe5 32. Qxe5 Bxe5 33. Bc3 Bxc3 34. Rxc3 Kf7 35. Rxc6 f5 36. Rxg6 Kxg6 37. 
Kf1 Kf6 38. Ke2 Ke5 39. Ke3 h5 40. f4+ Ke6 41. Kd4 c6 42. Kc5 Kd7 43. Kb6 
Kd6 44. Kxa6 c5 45. Kb5 Kd5 46. a4 h4 47. a5 Kd6 48. a6 Kc7 49. Kxc5 Kb8 
50. b4 Ka8 51. b5 Kb8 52. b6 Ka8 53. b7+ Kb8 54. Kc6 Ka7 55. Kc7 Kxa6 56. 
b8=Q Ka5 57. Qb3 Ka6 58. Qb6# 1-0

[Event "European Cities & Towns Chess Championship - Youth"]
[Site "Central Europe"]
[Date "2023.01.29"]
[Round "1.5.4"]
[White "Malaric, Marko"]
[Black "Spagkakas, Konstantinos"]
[Result "0-1"]
[WhiteElo "1234"]
[BlackElo "1251"]
[BlackCountry "GR"]
[BlackFideId "25876384"]
[BlackTeam "Thessaloniki"]
[WhiteCountry "HR"]
[WhiteFideId "14594960"]
[WhiteTeam "Zagreb"]

1. e4 c5 2. c3 d5 3. exd5 Qxd5 4. d4 cxd4 5. cxd4 Nc6 6. Nf3 Nf6 7. Nc3 
Qd8 8. Bb5 Bd7 9. Bxc6 Bxc6 10. Bf4 e6 11. Be5 Be7 12. O-O O-O 13. h3 Rc8 
14. a3 Qb6 15. Qd3 Nd5 16. Nxd5 Bxd5 17. Rac1 Qxb2 18. Rxc8 Rxc8 19. Nd2 
Rc3 20. Qe2 Rc2 21. Qg4 f6 22. Bf4 Qxd4 23. Nf3 Qe4 24. Re1 Qg6 25. Qxg6 
hxg6 26. Nd4 Rc4 27. Nxe6 Bxa3 28. Bd2 Bd6 29. Nd8 Rc2 30. Be3 Bc7 31. Rd1
Be4 32. Rd7 Bf5 33. Rd5 Rb2 34. g4 Rb1+ 35. Kg2 Be4+ 36. f3 Bxd5 37. Nc6 
0-1

[Event "European Cities & Towns Chess Championship - Youth"]
[Site "Central Europe"]
[Date "2023.01.29"]
[Round "1.6.1"]
[White "Borodich, Miroslav"]
[Black "Rusu, Lucas"]
[Result "0-1"]
[WhiteElo "1326"]
[BlackElo "1625"]
[BlackCountry "RO"]
[BlackFideId "42206472"]
[BlackTeam "Iasi"]
[WhiteCountry "CY"]
[WhiteFideId "5906571"]
[WhiteTeam "Nicosia"]

1. e4 e5 2. Nf3 Nc6 3. d4 exd4 4. Bc4 Nf6 5. e5 d5 6. Bb5 Ne4 7. Nxd4 Bd7 
8. Bxc6 bxc6 9. O-O Be7 10. f3 Nc5 11. f4 O-O 12. f5 Bg5 13. Qg4 Bxc1 14. 
Rxc1 Qe7 15. Qf4 Rfe8 16. Nf3 Ne4 17. Nc3 Qc5+ 18. Kh1 Nf2+ 19. Kg1 Nh3+ 
20. Kh1 Nxf4 21. f6 Qf2 22. Rg1 Bh3 23. Ne1 Bf5 24. Nf3 Be4 25. Nxe4 dxe4 
26. Ng5 Rxe5 27. Nh3 Nxh3 28. gxh3 Qf3+ 29. Rg2 Rg5 30. Rg1 Rd8 31. fxg7 
Rxg2 0-1

[Event "European Cities & Towns Chess Championship - Youth"]
[Site "Central Europe"]
[Date "2023.01.29"]
[Round "1.6.2"]
[White "Cazacu, Iustin-Nicolas"]
[Black "Bannoura, Daniel"]
[Result "1-0"]
[WhiteElo "1549"]
[BlackElo "1000"]
[BlackCountry "CY"]
[BlackFideId "5909546"]
[BlackTeam "Nicosia"]
[WhiteCountry "RO"]
[WhiteFideId "42206367"]
[WhiteTeam "Iasi"]

1. Nf3 e5 2. Nxe5 d6 3. Nf3 Nc6 4. g3 Nf6 5. Bg2 Bg4 6. O-O Bxf3 7. Bxf3 
Qd7 8. b3 O-O-O 9. Bb2 h5 10. Nc3 g5 11. Nd5 Nxd5 12. Bxh8 Nde7 13. Bf6 g4
14. Bg2 Re8 15. d4 Ng6 16. b4 Nxb4 17. Rb1 Nc6 18. d5 Nce5 19. Qd4 Kb8 20.
 a4 a6 21. a5 Bh6 22. Qb4 c5 23. dxc6 Nxc6 24. Qb6 Nge5 25. Bxe5 Rxe5 26. 
Bxc6 Qc7 27. Qxa6 Rxa5 28. Rxb7+ Kc8 29. Rxc7+ Kxc7 30. Qb7+ Kd8 31. Qd7# 
1-0

[Event "European Cities & Towns Chess Championship - Youth"]
[Site "Central Europe"]
[Date "2023.01.29"]
[Round "1.6.3"]
[White "Stavrou, Christoforos"]
[Black "Dumitru, Rucsandra Sofia"]
[Result "1/2-1/2"]
[WhiteElo "1000"]
[BlackElo "1156"]
[BlackCountry "RO"]
[BlackFideId "42204011"]
[BlackTeam "Iasi"]
[WhiteTeam "Nicosia"]

1. e4 c5 2. Nf3 e6 3. d4 cxd4 4. Nxd4 a6 5. Nc3 Qc7 6. Bc4 Qxc4 7. Qd3 
Qxd3 8. cxd3 Nc6 9. Nxc6 bxc6 10. O-O d5 11. e5 Bb4 12. Na4 Rb8 13. a3 Be7
14. d4 Nh6 15. b4 Nf5 16. Be3 Nxe3 17. fxe3 O-O 18. Rac1 Bd7 19. Nc5 Bc8 
20. Rf2 Ra8 21. a4 a5 22. Rb2 axb4 23. Rxb4 Ba6 24. Rb6 Bc4 25. Rxc6 Rfc8 
26. Rxc8+ Rxc8 27. Nd7 h6 28. Nb6 Rc7 29. e4 Ba3 30. Ra1 Bb2 31. Rb1 Bxd4+
32. Kh1 Rb7 33. a5 Kh7 34. Rb4 Bc5 35. Rb1 Bd4 36. Rb4 Bc3 37. Rb1 Bd4 
1/2-1/2

[Event "European Cities & Towns Chess Championship - Youth"]
[Site "Central Europe"]
[Date "2023.01.29"]
[Round "1.6.4"]
[White "Tcaciuc, Smaranda-Maria"]
[Black "Stylianou, Achilleas"]
[Result "1-0"]
[WhiteElo "1105"]
[BlackElo "1000"]
[BlackTeam "Nicosia"]
[WhiteCountry "RO"]
[WhiteFideId "42204992"]
[WhiteTeam "Iasi"]

1. d4 d5 2. c4 Nf6 3. e3 Nc6 4. Nc3 e5 5. dxe5 Nxe5 6. cxd5 Bb4 7. Bb5+ 
Bd7 8. Bxd7+ Qxd7 9. Bd2 O-O-O 10. Nge2 Nxd5 11. Nxd5 Bxd2+ 12. Qxd2 Qxd5 
13. Qxd5 Rxd5 14. O-O Re8 15. Nf4 Ra5 16. a3 Nc4 17. Rab1 Rb5 18. Nd3 Nd2 
19. Rfd1 Nxb1 20. Rxb1 Rd5 21. Nf4 Rd6 22. h3 Red8 23. Nh5 Rd1+ 24. Rxd1 
Rxd1+ 25. Kh2 Rd2 26. Nxg7 Rxf2 27. b4 Ra2 28. Nf5 Rxa3 29. Ne7+ Kd8 30. 
Nd5 Rd3 31. e4 c6 32. Nf6 Rd4 33. Nxh7 Rxb4 34. Ng5 a5 35. h4 Rb5 36. 
Nxf7+ Ke8 37. Nd6+ Kd7 38. Nxb5 a4 39. Na3 Ke7 40. Kg1 Kf6 41. g4 Kg6 42. 
Kf2 b5 43. Ke3 b4 44. h5+ Kg5 45. Kd2 bxa3 46. Kc2 c5 47. e5 Kh6 48. e6 
Kg7 49. g5 Kf8 50. h6 Kg8 51. g6 c4 52. e7 a2 53. e8=Q# 1-0

[Event "European Cities & Towns Chess Championship - Youth"]
[Site "Central Europe"]
[Date "2023.01.29"]
[Round "2.1.1"]
[White "Dodoi, Matei-Teodor"]
[Black "Kuru, Atilla"]
[Result "0-1"]
[WhiteElo "1745"]
[BlackElo "2054"]
[BlackCountry "TR"]
[BlackFideId "51607948"]
[BlackTeam "Istanbul"]
[WhiteCountry "RO"]
[WhiteFideId "1278029"]
[WhiteTeam "Ia?i - Region"]

1. d4 e6 2. c4 d5 3. Nc3 Nf6 4. Nf3 c6 5. e3 Nbd7 6. Qc2 a6 7. b3 Bb4 8. 
Bd3 Ne4 9. Bb2 f5 10. a3 Bd6 11. Ne2 Qf6 12. Nf4 g5 13. Ne2 g4 14. Nd2 h5 
15. g3 h4 16. Bxe4 fxe4 17. Nf4 hxg3 18. fxg3 Bxf4 19. exf4 Nf8 20. Nf1 
Bd7 21. Ne3 Rg8 22. Qe2 Qg7 23. O-O O-O-O 24. Rfc1 Kb8 25. a4 Ng6 26. b4 
dxc4 27. Nxc4 Nxf4 28. gxf4 g3 29. h3 Qh6 30. Ne3 g2 31. Nxg2 e5 32. Rc2 
exf4 33. Qxe4 Rde8 34. Qf3 Re3 35. Qf2 Rxh3 36. Kf1 f3 37. Ke1 Rh1+ 38. 
Qf1 fxg2 39. Rxg2 Rxg2 0-1

[Event "European Cities & Towns Chess Championship - Youth"]
[Site "Central Europe"]
[Date "2023.01.29"]
[Round "2.1.2"]
[White "Uzdemir, Ali Poyraz"]
[Black "Costache, Andrei Eugeniu"]
[Result "0-1"]
[WhiteElo "1638"]
[BlackElo "1632"]
[BlackCountry "RO"]
[BlackFideId "42206057"]
[BlackTeam "Ia?i - Region"]
[WhiteCountry "TR"]
[WhiteFideId "51619733"]
[WhiteTeam "Istanbul"]

1. e4 c5 2. Nc3 e6 3. g3 a6 4. Bg2 Qc7 5. d3 d6 6. Nge2 Be7 7. O-O Nf6 8. 
h3 Nc6 9. Be3 O-O 10. f4 b5 11. e5 Nd7 12. exd6 Bxd6 13. d4 Bb7 14. d5 Ne7
15. dxe6 Bxg2 16. exf7+ Rxf7 17. Kxg2 Qc6+ 18. Kh2 Rd8 19. Ng1 Nf6 20. Qf3
Qc7 21. Rad1 Re8 22. Rfe1 b4 23. Ne4 Nxe4 24. Qxe4 Rd8 25. Nf3 h6 26. Ne5 
Rf6 27. Ng4 Rff8 28. Qe6+ Kh7 29. Qe4+ Kg8 30. Bc1 Nc6 31. Qe6+ Kh7 32. 
Rd3 Nd4 33. Qe4+ Kh8 34. c3 Nf5 35. Ne3 Ne7 36. Red1 Rf6 37. Nd5 Nxd5 38. 
Rxd5 Qc6 39. c4 Re8 40. Qd3 Rfe6 41. Rd2 Be7 42. b3 Bf6 43. f5 Re3 44. Qf1
Re1 45. Qf3 Rxc1 46. Qh5 Rce1 47. Qf3 R1e3 48. Qh5 Qc7 49. Qg4 R8e4 50. 
Qg6 Re2+ 51. Rxe2 Rxe2+ 52. Kg1 Qe7 53. Qg4 Re1+ 54. Kg2 Qe2+ 55. Qxe2 
Rxe2+ 56. Kf3 Rxa2 57. Rxc5 Rb2 58. Ra5 Rxb3+ 59. Ke4 Ra3 60. Rd5 b3 61. 
Rd1 b2 62. c5 Ra1 0-1

[Event "European Cities & Towns Chess Championship - Youth"]
[Site "Central Europe"]
[Date "2023.01.29"]
[Round "2.1.3"]
[White "Codru, Raul Cristian"]
[Black "Akkara, Omer"]
[Result "0-1"]
[WhiteElo "1344"]
[BlackElo "1443"]
[BlackCountry "TR"]
[BlackFideId "26319802"]
[BlackTeam "Istanbul"]
[Termination "time forfeit"]
[WhiteCountry "RO"]
[WhiteFideId "42203996"]
[WhiteTeam "Ia?i - Region"]

1. d4 Nf6 2. c4 e6 3. Nc3 d5 4. Bf4 c6 5. e3 Bd6 6. Bg3 O-O 7. Nf3 Qc7 8. 
Bd3 Nbd7 9. Qc2 h6 10. O-O Bxg3 11. hxg3 Qd6 12. cxd5 exd5 13. e4 dxe4 14.
 Nxe4 Nxe4 15. Bxe4 Nf6 16. Bd3 Be6 17. Rfd1 Rad8 18. Rd2 Qb4 19. a3 Qb6 
20. b4 Bd5 21. Ne5 Kh8 22. Bc4 Bxc4 23. Qxc4 Nd5 24. Re1 Qc7 25. Rc2 Nb6 
26. Qc3 Rd5 27. Qf3 Kg8 28. Qc3 Rfd8 29. Rd2 Qd6 30. Nc4 Nxc4 31. Qxc4 b5 
32. Qc3 Qf6 33. Red1 a6 0-1

[Event "European Cities & Towns Chess Championship - Youth"]
[Site "Central Europe"]
[Date "2023.01.29"]
[Round "2.1.4"]
[White "Sahin, Zeynep Duru"]
[Black "Minescu, Leon"]
[Result "1-0"]
[WhiteElo "1385"]
[BlackElo "1317"]
[BlackCountry "RO"]
[BlackFideId "1294148"]
[BlackTeam "Ia?i - Region"]
[WhiteCountry "TR"]
[WhiteFideId "51606550"]
[WhiteTeam "Istanbul"]

1. e4 c5 2. Nf3 d6 3. c3 Nf6 4. Be2 Nc6 5. d4 cxd4 6. cxd4 e6 7. Nc3 Be7 
8. O-O Bd7 9. Be3 O-O 10. h3 a6 11. Rc1 Rc8 12. e5 dxe5 13. dxe5 Ne8 14. 
Qb3 Na5 15. Qb6 Qxb6 16. Bxb6 Nc4 17. Bxc4 Rxc4 18. Rfd1 Bc6 19. b3 Rb4 
20. Ba5 Rf4 21. Ne2 Bxf3 22. Nxf4 Bxd1 23. Rxd1 f6 24. Nxe6 Rf7 25. Nd8 
Bxd8 26. Rxd8 Re7 27. exf6 gxf6 28. Bb4 Re4 29. a3 b6 30. f3 Re6 31. Bc3 
Kg7 32. Rd7+ Kg6 33. Ra7 a5 34. Kf2 Nd6 35. a4 Nf5 36. g4 Ne7 37. h4 h5 
38. Bd4 hxg4 39. fxg4 Kf7 40. h5 Rd6 41. Be3 Re6 42. h6 Kg8 43. Ra8+ Kh7 
44. Re8 Re5 45. Bxb6 Kxh6 46. Bxa5 Rxa5 47. Rxe7 Rc5 48. Rb7 Rc3 49. a5 
Kg5 50. a6 Rc2+ 51. Ke3 Ra2 52. a7 Kxg4 53. b4 f5 54. b5 f4+ 55. Kd4 f3 
56. b6 f2 57. Rf7 Kg3 58. Rxf2 Kxf2 59. b7 Ra4+ 60. Kc5 Rxa7 61. b8=Q Ra5+
62. Kd6 Rf5 63. Qb2+ Kf3 64. Qc3+ Kf4 65. Qd4+ Kg5 66. Qe3+ Kg4 67. Ke6 
Rf3 68. Qh6 Rf4 69. Ke5 Rf5+ 70. Ke4 Rg5 71. Qe6+ Kh5 72. Kf4 Rg6 73. Qh3#
1-0

[Event "European Cities & Towns Chess Championship - Youth"]
[Site "Central Europe"]
[Date "2023.01.29"]
[Round "2.2.1"]
[White "Sahin, Sarp"]
[Black "Siskou, Evangelia"]
[Result "1-0"]
[WhiteElo "1841"]
[BlackElo "1502"]
[BlackCountry "GR"]
[BlackFideId "42113938"]
[BlackTeam "Thessaloniki"]
[WhiteCountry "TR"]
[WhiteFideId "51605066"]
[WhiteTeam "Ankara"]

1. e4 e5 2. Nf3 Nc6 3. Bb5 Nf6 4. O-O Nxe4 5. Re1 Nd6 6. Nxe5 Nxe5 7. 
Rxe5+ Be7 8. Bf1 O-O 9. d4 Bf6 10. Re1 Nf5 11. c3 d5 12. Bf4 c6 13. Bd3 
Bg5 14. Qg4 Bxf4 15. Qxf4 Qd6 16. Re5 Nh6 17. Nd2 f6 18. Re4 Qxf4 19. Rxf4
Nf7 20. Re1 Bd7 21. Re7 Rad8 22. Rf3 Rfe8 23. Rfe3 Rxe7 24. Rxe7 Kf8 25. 
Re3 h6 26. Nb3 b6 27. Kf1 Re8 28. Rg3 Ng5 29. Nd2 f5 30. f4 Ne4 31. Bxe4 
fxe4 32. Kf2 Kf7 33. Nf1 c5 34. Ke3 cxd4+ 35. Kxd4 Bc6 36. Ne3 Bb7 37. Nf5
Kf6 38. Nxg7 Re7 39. Nh5+ Kf5 40. Ke3 Bc6 41. Rg8 b5 42. g4+ Ke6 43. Rg6+ 
Kd7 44. Rxh6 Rg7 45. Nxg7 a5 46. Nf5 a4 47. Rd6+ Kc7 48. Rxc6+ Kxc6 49. 
Nd4+ Kd6 50. h4 Ke7 51. h5 Kf6 52. g5+ Kg7 53. f5 Kh7 54. f6 b4 55. cxb4 
a3 56. bxa3 Kh8 57. a4 Kh7 58. a5 Kh8 59. a6 Kg8 60. a7 Kf7 61. g6+ Kxf6 
62. a8=Q Kg5 63. g7 Kh6 64. g8=Q Kxh5 65. Qae8+ Kh6 66. Qeg6# 1-0

[Event "European Cities & Towns Chess Championship - Youth"]
[Site "Central Europe"]
[Date "2023.01.29"]
[Round "2.2.2"]
[White "Marinidis, Stavros"]
[Black "Yilmaz, Baver"]
[Result "0-1"]
[WhiteElo "1378"]
[BlackElo "1779"]
[BlackCountry "TR"]
[BlackFideId "26363542"]
[BlackTeam "Ankara"]
[WhiteCountry "GR"]
[WhiteFideId "42104904"]
[WhiteTeam "Thessaloniki"]

1. e4 c5 2. Nf3 e6 3. d4 cxd4 4. Nxd4 Nf6 5. Nc3 Nc6 6. Be3 Bb4 7. Bd3 d5 
8. exd5 Nxd5 9. Nxc6 bxc6 10. Bd4 c5 11. Bb5+ Bd7 12. Bxd7+ Qxd7 13. Bxg7 
Rg8 14. Be5 f6 15. Qh5+ Qf7 16. Qxf7+ Kxf7 17. Bg3 Nxc3 18. a3 Ba5 19. 
bxc3 Bxc3+ 20. Ke2 Bxa1 21. Rxa1 e5 22. Rb1 Rab8 23. Rxb8 Rxb8 24. Kd3 Ke6
25. f4 Rd8+ 26. Ke3 Rd4 27. fxe5 fxe5 28. Be1 Ra4 29. Bf2 Rxa3+ 30. Kd2 c4
31. Bc5 Ra1 32. h3 a5 33. Kc3 Kd5 34. Bf2 Rf1 35. Bb6 a4 36. Kb2 e4 37. 
Be3 Re1 38. Bf4 e3 39. Kc3 e2 40. Kd2 Rf1 41. Bg3 e1=Q+ 42. Bxe1 Rxe1 43. 
c3 a3 44. Kc2 a2 45. g4 a1=Q 0-1

[Event "European Cities & Towns Chess Championship - Youth"]
[Site "Central Europe"]
[Date "2023.01.29"]
[Round "2.2.3"]
[White "Celebi, Mehmet Alper"]
[Black "Misios, Konstantinos"]
[Result "1-0"]
[WhiteElo "1614"]
[BlackElo "1357"]
[BlackCountry "GR"]
[BlackFideId "42122406"]
[BlackTeam "Thessaloniki"]
[WhiteCountry "TR"]
[WhiteFideId "51603934"]
[WhiteTeam "Ankara"]

1. e4 e5 2. Nf3 Nc6 3. Bb5 a6 4. Bxc6 dxc6 5. O-O Bg4 6. h3 h5 7. Re1 Qf6 
8. d4 exd4 9. e5 Qg6 10. e6 Bxe6 11. Qxd4 Ne7 12. Ng5 Rd8 13. Qe5 Bf5 14. 
Qxc7 f6 15. Ne6 Rc8 16. Qxb7 Bxh3 17. Qxc8+ Kf7 18. Nd8+ Kg8 19. Qxh3 Nf5 
20. Nc3 Bc5 21. Be3 Bxe3 22. fxe3 Kh7 23. Ne6 Nh6 24. Rad1 Ng4 25. Rd7 Rg8
26. Rxg7+ Rxg7 27. Nf8+ 1-0

[Event "European Cities & Towns Chess Championship - Youth"]
[Site "Central Europe"]
[Date "2023.01.29"]
[Round "2.2.4"]
[White "Spagkakas, Konstantinos"]
[Black "Ozugur, Bartu Okan"]
[Result "1-0"]
[WhiteElo "1251"]
[BlackElo "1177"]
[BlackCountry "TR"]
[BlackFideId "26321289"]
[BlackTeam "Ankara"]
[Termination "time forfeit"]
[WhiteCountry "GR"]
[WhiteFideId "25876384"]
[WhiteTeam "Thessaloniki"]

1. c4 Nf6 2. Nc3 g6 3. Nf3 Bg7 4. d4 O-O 5. e4 d6 6. h3 e5 7. d5 Nbd7 8. 
Be3 b6 9. g4 Nc5 10. Nd2 h6 11. b4 Ncd7 12. Rc1 a5 13. a3 axb4 14. axb4 
Qe7 15. Nb5 Qd8 16. Nb3 Ba6 17. c5 Nxe4 18. cxb6 cxb6 19. Nc7 Bxf1 20. 
Nxa8 Bg2 21. Rg1 Bxh3 22. Nc7 Ndf6 23. f3 Ng5 24. Rg3 Nxf3+ 25. Qxf3 e4 
26. Qd1 Bxg4 27. Rxg4 Nxg4 28. Qxg4 h5 29. Qg5 Qd7 30. Qg2 Qa4 31. Qc2 
Qxb4+ 32. Bd2 Qa4 33. Qc4 Qd7 34. Qc6 Qh3 35. Qxb6 Qh1+ 36. Ke2 Qf3+ 37. 
Ke1 Qh1+ 38. Kf2 Qf3+ 39. Kg1 Qg3+ 40. Kf1 Qf3+ 41. Qf2 Qh1+ 42. Ke2 Qh3 
43. Be3 g5 44. Nd4 Bxd4 45. Bxd4 Qd3+ 46. Ke1 g4 47. Qf6 Qg3+ 48. Kd2 Qd3+
49. Ke1 Qg3+ 50. Qf2 Qd3 51. Rd1 1-0